| 000 | 00467pab a2200169 454500 | ||
|---|---|---|---|
| 008 | 180718b1995 xxu||||| |||| 00| 0 eng d | ||
| 100 | _aArulampalam, Wiji | ||
| 245 | _aThe determinants of individual unemployment durations in an era of high unemployment. | ||
| 260 | _c1995 | ||
| 300 | _ap.321-32 | ||
| 362 | _aMar | ||
| 650 | _aEmployment - U.K. | ||
| 650 | _aUnemployment - U.K. | ||
| 700 | _aStewart, Mark B. | ||
| 773 | _aEconomic Journal | ||
| 909 | _a28627 | ||
| 999 |
_c28627 _d28627 |
||